000 01000cam a22002415a 4500
001 L159150
008 160211s2015 xxk f 000 0 eng d
020 _a1138781924
035 _a(Sirsi) u159150
041 0 _aeng
050 0 4 _a692.8
100 1 _aAtkinson, Andy
245 0 0 _aJCT contract administraton pocket book
260 _aAbingdon
_bRoutledge
_c2015
520 _aUses examples of JCT Standard Building Contract with Quantities 2011, JCT Design and Build 2011 and JCT Minor Works 2011 to explain contract adminstration tasks including procurement, payment, final accounts, progress, completion, delay, subcontracting, defects and quality control . Considers using dispute resolution to resolve contractural problems and looks at administering contracts for BIM-compliant projects.
590 _aKA
650 2 4 _aCONTRACT ADMINISTRATION
650 2 4 _aJCT
651 4 _aUnited Kingdom
_y
690 _aContracts
_96232
690 _aConstruction management
_96230
942 _n0
999 _c115706
_d115706